000 00517nam a2200181Ia 4500
008 240925s9999 xx 000 0 und d
020 _a9789353166809
082 _a621.38413 FRE
100 _aFrenzel, Louis E.
245 0 _aPrinciples of electronic communication system
250 _a4th
260 _aNew Delhi:
_bMcGraw Hill Education (India) Private Limited
_c,2016.
300 _a231p.
_b0
_fOriginal
500 _aIncludes Index
600 _aElectronic Engineering
650 _aTechnology
942 _cBK
999 _c17640
_d17640